|
|
|
|
| LEADER |
00000nam a22000007a 4500 |
| 005 |
20210205212736.0 |
| 007 |
cr|||| |||| |
| 008 |
210205s2020 es |||||s|||| 00||0 spa d |
| 020 |
|
|
|a 978-84-1377-185-4
|
| 035 |
|
|
|a 32956
|
| 040 |
|
|
|a vLex
|
| 090 |
|
|
|c 11103
|d 11103
|
| 100 |
1 |
|
|a Lp̤ez Espadafor, Carlos Mara̕
|
| 245 |
1 |
0 |
|a Bases de la fiscalidad internacional y de la Unin̤ Europea
|h [Recurso electrn̤ico] /
|c Carlos Mara̕ Lp̤ez Espadafor
|
| 256 |
|
|
|a Servicio en ln̕ea
|
| 260 |
|
|
|a Madrid:
|b Dykinson,
|c 2020
|
| 300 |
|
|
|a 1 recurso electrn̤ico
|
| 500 |
|
|
|a Una de las realidades ms̀ complejas al trasladarle los principios generales del Derecho Internacional, es la realidad tributaria. Frente a una realidad social, internacional y jurd̕ica como es el fenm̤eno tributario internacional, resulta bastante complejo articular la disciplina a la que sirve de objeto tal realidad...
|
| 506 |
1 |
|
|a Disponible solo en los productos indicados
|d vLex Global
|d vLex Global (Academic Edition, excluding Law Schools)
|d vLex Global (U.S. Academic Edition, Law Schools)
|d vLex Global (U.S. Academic Edition, excluding Law Schools)
|d vLex Global (Academic Edition, Law Schools)
|
| 650 |
0 |
4 |
|a Derecho Tributario
|z Espaą
|
| 650 |
0 |
4 |
|a Financiero
|z Espaą
|
| 650 |
0 |
4 |
|a Derecho Internacional
|z Espaą
|
| 740 |
0 |
|
|a vLex Libros (Servicio en ln̕ea)
|
| 856 |
4 |
0 |
|u http://vlex.com/source/bases-de-la-fiscalidad-internacional-y-de-la-union-europea-32956
|z Acceso restringido
|
| 942 |
|
|
|c BOOK
|
| 999 |
0 |
|
|a Tax Law
|
| 999 |
0 |
|
|a Financial
|
| 999 |
0 |
|
|a International Law
|